000 00331nam a22001337a 4500
008 170629b xxu||||| |||| 00| 0 eng d
020 _a970618303953
041 _aeng
080 _a05
100 _a22
101 _aGJL
245 _aGRAMMAR USAGE AND MECHANICS BOOK TEACHING MORE APPLICATION
_cLITTEL.M
942 _2udc
_cBK
999 _c19443
_d19443